[Event "25th Open"]
[Site "Geraadsbergen BEL"]
[Date "2009.08.12"]
[Round "2"]
[White "Schaeken,Y"]
[Black "Legemaat,G"]
[Result "1-0"]
[WhiteElo "2078"]
[BlackElo "2232"]

1.d4 Nf6 2.c4 e6 3.Nf3 d5 4.e3 c6 5.Nc3 Nbd7 6.Qc2 Bd6 7.g4 h6 8.Rg1 dxc4
9.Bxc4 b5 10.Bd3 Bb7 11.Bd2 a6 12.e4 e5 13.dxe5 Nxe5 14.Nxe5 Bxe5 15.f4 Bd4
16.Rg2 c5 17.g5 hxg5 18.fxg5 Nd7 19.O-O-O Ne5 20.Bf4 Ng6 21.Bd2 Qd6 22.Be1 Qe6
23.Nd5 Rc8 24.Kb1 Be5 25.Be2 Qc6 26.Bg4 Rd8 27.Ba5 Rb8 28.Bf5 Nf8 29.Nb6 Bd4
30.g6 fxg6 31.Rxg6 Nxg6 32.Bd7+ Qxd7 33.Nxd7 Kxd7 34.Qxc5 Bxe4+ 35.Ka1 Rh4
36.Rxd4+ Ke8 37.Rxe4+ Rxe4 38.Qc6+  1-0

[Event "Jubilee Open"]
[Site "Zuerich SUI"]
[Date "2009.08.12"]
[Round "5"]
[White "Bauer,Ch"]
[Black "Saptarshi,R"]
[Result "1-0"]
[WhiteElo "2602"]
[BlackElo "2413"]

1.d4 d5 2.c4 e6 3.Nc3 Nf6 4.Nf3 c6 5.e3 Nbd7 6.Qc2 a6 7.Bd2 dxc4 8.a4 Bd6
9.Bxc4 O-O 10.O-O h6 11.Rfe1 Re8 12.Ne2 e5 13.Qb3 Qe7 14.Ng3 g6 15.e4 Kg7
16.Bc3 b5 17.axb5 cxb5 18.Bd5 Ra7 19.h3 Qf8 20.Bc6 Re7 21.Rad1 Rc7 22.Bxd7 Nxd7
23.dxe5 Rxc3 24.Qxc3 b4 25.Qd4 Bc5 26.Qc4 Re6 27.Rd5 Ba7 28.Rc1 Nb6 29.Qd3 Nxd5
30.exd5 Re8 31.d6 Rd8 32.Ne4 Qe8 33.Nf6 Qe6 34.Rc7 Bb6 35.Re7 Qa2 36.Nh4 Kf8
37.Nxg6+ Kg7 38.Nh4  1-0

[Event "ch-FRA National A"]
[Site "Nimes FRA"]
[Date "2009.08.13"]
[Round "4"]
[White "Cossin,S"]
[Black "Le Roux,JP"]
[Result "1/2-1/2"]
[WhiteElo "2486"]
[BlackElo "2485"]

1.d4 d5 2.c4 c6 3.Nf3 Nf6 4.Nc3 e6 5.e3 Nbd7 6.Qc2 Bd6 7.b3 O-O 8.Be2 dxc4
9.bxc4 e5 10.O-O Re8 11.Bb2 exd4 12.exd4 Nf8 13.h3 Ng6 14.Rfe1 Bd7 15.Bf1  1/2-1/2

[Event "59th ch-HUN"]
[Site "Szeged HUN"]
[Date "2009.08.13"]
[Round "5"]
[White "Berkes,F"]
[Black "Balogh,C"]
[Result "1/2-1/2"]
[WhiteElo "2647"]
[BlackElo "2595"]

1.d4 d5 2.c4 c6 3.Nc3 Nf6 4.e3 e6 5.Nf3 Nbd7 6.Bd3 dxc4 7.Bxc4 b5 8.Bd3 b4
9.Ne4 Nxe4 10.Bxe4 Bb7 11.a3 bxa3 12.O-O Bd6 13.Qc2 Rc8 14.b4 f5 15.Bd3 c5
16.bxc5 Bxf3 17.gxf3 Qg5+ 18.Kh1 Qh5 19.f4 Qf3+ 20.Kg1 Qg4+ 21.Kh1 Qf3+ 22.Kg1  1/2-1/2

[Event "Mercosur Cup"]
[Site "Villa Martelli ARG"]
[Date "2009.08.13"]
[Round "10"]
[White "Real de Azua,E"]
[Black "Obregon,A"]
[Result "1/2-1/2"]
[WhiteElo "2445"]
[BlackElo "2406"]

1.d4 d5 2.c4 c6 3.Nc3 Nf6 4.e3 e6 5.Nf3 Nbd7 6.Qc2 Bd6 7.b3 b6 8.Bb2 Bb7
9.Bd3 O-O 10.O-O Qe7  1/2-1/2

[Event "ch-FRA National A"]
[Site "Nimes FRA"]
[Date "2009.08.14"]
[Round "5"]
[White "Fressinet,L"]
[Black "Tkachiev,V"]
[Result "1/2-1/2"]
[WhiteElo "2667"]
[BlackElo "2650"]

1.d4 d5 2.c4 c6 3.Nc3 Nf6 4.e3 e6 5.Nf3 a6 6.c5 b6 7.cxb6 Nbd7 8.Bd3 c5 9.b3 cxd4
10.exd4 Qxb6 11.O-O Bb7 12.Bb2 Be7 13.Rc1 Qa7 14.Na4 O-O 15.Nc5 Rfc8 16.b4 a5
17.a3 axb4 18.axb4 Qb6 19.Bc3 Bc6 20.Qe2 Ne4 21.Be1 Rcb8 22.Na6 Rc8 23.b5 Bb7
24.Ra1 Ng5 25.Nxg5 Bxg5 26.Ra4 Bf6 27.Ba5 Qa7 28.Rd1  1/2-1/2

[Event "59th ch-HUN"]
[Site "Szeged HUN"]
[Date "2009.08.14"]
[Round "6"]
[White "Medvegy,Z"]
[Black "Ruck,R1"]
[Result "1-0"]
[WhiteElo "2547"]
[BlackElo "2561"]

1.d4 d5 2.c4 c6 3.Nc3 Nf6 4.e3 e6 5.Nf3 Nbd7 6.Qc2 Bd6 7.g4 h6 8.Bd2 a6 9.c5 Bc7
10.h3 e5 11.dxe5 Nxe5 12.Nxe5 Bxe5 13.O-O-O Qe7 14.Na4 Ne4 15.Ba5 Be6 16.f4 Bc7
17.Bxc7 Qxc7 18.Bg2 Nf6 19.f5 Bd7 20.e4 dxe4 21.Rd6 O-O 22.Bxe4 Rae8 23.Bg2 Re5
24.Rhd1 Rfe8 25.b3 Re2 26.R1d2 Re1+ 27.Kb2 Bc8 28.Nb6 Qe7 29.Qc3 Rg1 30.Nc4 Qe1
31.R6d3 Bd7 32.Nb6 Re7 33.Bf3 h5 34.Rd1 Qf2+ 35.Qd2 Qxc5 36.Nxd7 Nxd7 37.Rxd7 Rxd7
38.Qxd7 Rg3 39.Qe8+ Kh7 40.Qxf7 Qe5+ 41.Kb1  1-0

[Event "ch-FRA National A"]
[Site "Nimes FRA"]
[Date "2009.08.15"]
[Round "6"]
[White "Fressinet,L"]
[Black "Le Roux,JP"]
[Result "1-0"]
[WhiteElo "2667"]
[BlackElo "2485"]

1.d4 d5 2.c4 c6 3.Nc3 Nf6 4.e3 e6 5.Nf3 a6 6.c5 Nbd7 7.b4 g6 8.Bb2 Bg7 9.Be2 O-O
10.O-O Qc7 11.Na4 Ne4 12.Nd2 Nxd2 13.Qxd2 e5 14.dxe5 Bxe5 15.Bxe5 Qxe5 16.Qd4 f5
17.Nb6 Qxd4 18.exd4 Nxb6 19.cxb6 Re8 20.Bd3 a5 21.a3 f4 22.b5 Bd7 23.bxc6 Bxc6
24.Rfc1 Kf7 25.g3 fxg3 26.hxg3 Re6 27.Kg2 Rd8 28.Rh1 h5 29.Rae1 Bd7 30.Rxe6 Bxe6
31.Rc1 Rc8 32.Rc5 Rxc5 33.dxc5 Bd7 34.f4 Kf6 35.Kf3 g5 36.fxg5+ Kxg5 37.Ke3 Be8
38.Be2  1-0

[Event "A2Bmedialtd.com Int Gp B"]
[Site "Uxbridge ENG"]
[Date "2009.08.15"]
[Round "7"]
[White "Lalic,B"]
[Black "Arun Prasad,S"]
[Result "1/2-1/2"]
[WhiteElo "2517"]
[BlackElo "2556"]

1.d4 d5 2.c4 c6 3.Nf3 Nf6 4.Nc3 e6 5.e3 Nbd7 6.Bd3 dxc4 7.Bxc4 b5 8.Bd3 Bd6
9.O-O O-O 10.a3 a5 11.Qc2  1/2-1/2

[Event "Jubilee Open"]
[Site "Zuerich SUI"]
[Date "2009.08.15"]
[Round "9"]
[White "Roiz,M"]
[Black "Giri,A"]
[Result "1/2-1/2"]
[WhiteElo "2658"]
[BlackElo "2518"]

1.c4 c6 2.Nf3 d5 3.e3 Nf6 4.Nc3 e6 5.d4 Nbd7 6.Qc2 Bd6 7.Bd3 O-O 8.O-O dxc4
9.Bxc4 a6 10.a4 c5 11.dxc5 Nxc5 12.e4 Qc7 13.Qe2 Ncd7 14.Bg5 Ng4 15.h3 Nge5
16.Ba2 Nxf3+ 17.Qxf3 Ne5 18.Qe2 Nc6 19.Rfd1 Bc5 20.Be3 Bxe3 21.Qxe3 Bd7  1/2-1/2

[Event "Jubilee Open"]
[Site "Zuerich SUI"]
[Date "2009.08.15"]
[Round "9"]
[White "Kuzubov,Y"]
[Black "Areshchenko,A"]
[Result "0-1"]
[WhiteElo "2635"]
[BlackElo "2651"]

1.d4 d5 2.c4 c6 3.Nf3 Nf6 4.Nc3 e6 5.e3 Nbd7 6.Bd3 dxc4 7.Bxc4 b5 8.Bd3 Bd6
9.Qc2 Bb7 10.Bd2 Rc8 11.a3 c5 12.Nxb5 Bb8 13.Qa4 O-O 14.Nxa7 Bxa7 15.Qxa7 Bxf3
16.gxf3 Ra8 17.Qb7 cxd4 18.Bb4 Re8 19.Bd6 Ne5 20.Bxe5 Qa5+ 21.Ke2 Qxe5 22.f4 Qd6
23.Qb4 Qd5 24.Qxd4 Qh5+ 25.f3 e5 26.fxe5 Rad8 27.Qc4 Qxe5 28.Qc1 Qh5 29.Bc4 Rc8
30.b3 Nd5  0-1

[Event "Abu Dhabi Festival Open"]
[Site "Abu Dhabi UAE"]
[Date "2009.08.16"]
[Round "5"]
[White "Aleksandrov,A"]
[Black "Andriasian,Z"]
[Result "0-1"]
[WhiteElo "2616"]
[BlackElo "2585"]

1.d4 d5 2.c4 c6 3.Nc3 Nf6 4.e3 e6 5.Nf3 Nbd7 6.Qc2 Bd6 7.g4 dxc4 8.Bxc4 e5
9.g5 Nd5 10.Bd2 exd4 11.Qe4+ Ne7 12.Qxd4 Nf5 13.Qe4+ Ne7 14.Qc2 Nb6 15.Be2 Bf5
16.e4 Bh3 17.Nh4 Qc7 18.Qd3 Be6 19.Rc1 Bf4 20.Nb5 Qb8 21.Nd4 Nc4 22.Be3 Nxe3
23.fxe3 Bxh2 24.Nhf3 Bg3+ 25.Kf1 Bg4 26.Kg2 Be5 27.Rc5 Bxd4 28.Qxd4 Bxf3+
29.Bxf3 Qc7 30.Bg4 b6 31.Rc2 Rd8 32.Qxg7 Rg8 33.Qf6 Rd6 34.Qf4 Ng6 35.Qg3 Qe7
36.Bf5 Ne5 37.Rxh7 Qxg5 38.Rh3 Ke7 39.Qxg5+ Rxg5+ 40.Rg3 Rh5 41.Rf2 Rdh6
42.Bh3 Rh4 43.Rf4 Nd3 44.Rf5 Rxe4 45.b3 Re5 46.Rf1 Nb4 47.Kg1 a5 48.Rf2 Nd5
49.Rd2 Rxe3 50.Rxe3+ Nxe3 51.Bc8 Nd5 52.Ba6 Re6 53.Bc4 Kd6 54.a4 Re5 55.Rf2 Rg5+
56.Kh1 f6 57.Rf3 Ke5 58.Ba6 f5 59.Bd3 f4 60.Kh2 Ne3  0-1

[Event "24th ICT Acropolis"]
[Site "Chalkida GRE"]
[Date "2009.08.16"]
[Round "7"]
[White "Kourousis,E"]
[Black "Skaperdas,K"]
[Result "0-1"]
[WhiteElo "2237"]
[BlackElo "2222"]

1.Nf3 Nf6 2.c4 e6 3.d4 d5 4.Nc3 c6 5.e3 Nbd7 6.Qc2 Bd6 7.Be2 O-O 8.O-O dxc4
9.Bxc4 a6 10.Rd1 c5 11.a4 Qc7 12.Qe2 b6 13.d5 Ne5 14.dxe6 Nxc4 15.exf7+ Qxf7
16.Ng5 Bxh2+ 17.Kh1 Bg4 18.Nxf7 Bxe2 19.Nxe2 Rxf7 20.Kxh2 Ng4+ 21.Kg1 Nxf2
22.Rd5 Ng4 23.b3 Ncxe3 24.Bxe3 Nxe3 25.Re5 Ng4 26.Rg5 Re8 27.Nc3 Nf6 28.a5 h6
29.Rf5 g6 30.Rf3 b5 31.Raf1 Kg7 32.Nd5 Ref8 33.Nf4 Re7 34.Nd5 Re6 35.Nf4 Rd6
36.Rc3 Nd5 37.Nh5+ Kg8 38.Rxf8+ Kxf8 39.Rf3+ Ke7 40.Ng3 Re6 41.Kf2 c4 42.bxc4 bxc4  0-1

[Event "5th FIDE GP"]
[Site "Jermuk ARM"]
[Date "2009.08.16"]
[Round "7"]
[White "Eljanov,P"]
[Black "Aronian,L"]
[Result "1-0"]
[WhiteElo "2716"]
[BlackElo "2768"]

1.d4 d5 2.c4 c6 3.Nf3 Nf6 4.Nc3 e6 5.e3 Nbd7 6.Qc2 Bd6 7.Bd3 O-O 8.O-O dxc4
9.Bxc4 a6 10.Rd1 b5 11.Bd3 Qc7 12.a4 b4 13.Ne4 Nxe4 14.Bxe4 Nf6 15.Bd3 c5
16.b3 cxd4 17.Qxc7 Bxc7 18.Nxd4 Bb7 19.Bb2 Rac8 20.Rac1 Be5 21.f3 h5 22.Kf2 a5
23.Bc4 Nd5 24.g3 Nb6 25.Bb5 Rfd8 26.Rxc8 Rxc8 27.e4 h4 28.gxh4 Bf6 29.Ke3 Bxh4
30.Ne2 Bg5+ 31.f4 Bd8 32.Rg1 g6 33.Bd4 Na8 34.f5 exf5 35.exf5 Bd5 36.fxg6 Bxb3
37.Nf4 f6 38.Bd7 Rc2 39.Bf5 Rxh2 40.Rc1 Bc7 41.Bxf6 Bb6+ 42.Kf3 Nc7 43.Kg3  1-0

[Event "16th Vienna Open"]
[Site "Vienna AUT"]
[Date "2009.08.16"]
[Round "2"]
[White "Liedl,W"]
[Black "Zilka,S"]
[Result "0-1"]
[WhiteElo "2218"]
[BlackElo "2466"]

1.d4 d5 2.c4 c6 3.Nf3 Nf6 4.Nc3 e6 5.e3 Nbd7 6.Bd3 dxc4 7.Bxc4 b5 8.Bd3 Bb7
9.a3 b4 10.Ne4 Nxe4 11.Bxe4 bxa3 12.O-O axb2 13.Bxb2 Nf6 14.Nd2 Nxe4 15.Nxe4 Be7
16.Qg4 O-O 17.d5 e5 18.Bxe5 f6 19.d6 fxe5 20.dxe7 Qxe7 21.Rfc1 a5 22.Rc5 a4
23.Qd1 Rfd8 24.Qc1 a3 25.h3 Ra4 26.Rc4 Ra7 27.Nc5 Rda8 28.Nxb7 Qxb7 29.Rxc6 a2
30.Rc2 Ra6 31.Qd2 Qb1+ 32.Rc1 Qe4 33.Qc2 Qb4 34.Qf5 Qb8 35.Rc5 h6 36.g3 Qb2
37.Rc8+ Rxc8 38.Qxc8+ Kh7 39.Qf5+ Rg6 40.h4 Qxa1+ 41.Kh2 Qb1 42.e4 a1=Q  0-1

[Event "24th ICT Acropolis"]
[Site "Chalkida GRE"]
[Date "2009.08.17"]
[Round "8"]
[White "Georgiev,Vl"]
[Black "Mastrovasilis,D"]
[Result "1/2-1/2"]
[WhiteElo "2530"]
[BlackElo "2567"]

1.d4 d5 2.c4 c6 3.e3 Nf6 4.Nc3 e6 5.Nf3 Nbd7 6.Qc2 Bd6 7.Bd3 O-O 8.O-O e5
9.cxd5 cxd5 10.e4 dxe4 11.Nxe4 Nxe4 12.Bxe4 h6 13.Be3 exd4 14.Bh7+ Kh8 15.Bxd4 Nf6
16.Bf5 Qa5 17.Bxc8 Rfxc8 18.Qb1 Be7 19.Re1 Re8 20.Re3 Ng4 21.Re4 f5 22.Qe1 Qd8
23.Re2 Bf6 24.Rxe8+ Qxe8 25.h3 Bxd4 26.Qxe8+ Rxe8 27.Nxd4 Nf6 28.Rc1 f4 29.Kf1  1/2-1/2

[Event "24th ICT Acropolis"]
[Site "Chalkida GRE"]
[Date "2009.08.17"]
[Round "8"]
[White "Maric,A"]
[Black "Danielian,E"]
[Result "0-1"]
[WhiteElo "2407"]
[BlackElo "2502"]

1.Nf3 d5 2.d4 c6 3.e3 Nf6 4.c4 e6 5.Nc3 Nbd7 6.Qc2 Bd6 7.Bd3 O-O 8.O-O dxc4
9.Bxc4 b5 10.Be2 Bb7 11.e4 e5 12.a3 Re8 13.Rd1 Qc7 14.g3 exd4 15.Nxd4 Be5
16.Bf3 a6 17.Nf5 c5 18.Nd5 Nxd5 19.exd5 Qb6 20.a4 Rac8 21.axb5 axb5 22.Be3 b4
23.Rd2 Qf6 24.Bg4 c4 25.Ra7 b3 26.Qb1 Rb8 27.Nd4 Nc5 28.Nc6 Bxc6 29.Bxc5 c3
30.bxc3 Bxc3 31.Rd1 Bxd5 32.Rd7 Be4  0-1

[Event "Open A"]
[Site "Panevezys LTU"]
[Date "2009.08.17"]
[Round "1"]
[White "Zebelis,R"]
[Black "Labuckas,A"]
[Result "0-1"]
[WhiteElo "1982"]
[BlackElo "2322"]

1.d4 d5 2.Nf3 e6 3.c4 Nf6 4.e3 c6 5.Nc3 Nbd7 6.Bd3 dxc4 7.Bxc4 b5 8.Bd3 a6
9.e4 c5 10.d5 Qc7 11.dxe6 fxe6 12.O-O c4 13.Bc2 Bd6 14.h3 Bb7 15.Nd4 Nf8
16.Ndxb5 axb5 17.Nxb5 Bh2+ 18.Kh1 Qe5 19.Nc3 Ng6 20.g3 Bxg3 21.fxg3 O-O 22.Bf4 Nxe4
23.Bxe5 Nxc3+ 24.Kg1 Nxd1 25.Rxf8+ Rxf8 26.Bxg6 Nf2 27.Bh5 Rf5 28.Be8 Nxh3+
29.Kh2 Rxe5 30.Kxh3 Kf8 31.Ba4 Rh5+ 32.Kg4 Rf5 33.Kh3 Rh5+ 34.Kg4 Rh2 35.Rc1 Bd5
36.Rc2 Rh6 37.Rf2+ Ke7 38.Bc2 Rh1 39.Kf4 Kd6 40.Rd2 Ra1 41.a3 Ra2 42.Ke3 Rxb2
43.Bxh7 Rb3+ 44.Kf4 Rxa3 45.g4 Rf3+ 46.Kg5 c3 47.Rh2 Kc5 48.Bc2 Kd4 49.Re2 Re3
50.Rf2 Be4 51.Bb3 e5 52.Ra2 Re1 53.Kh4 Bd3 54.Kg3 Ke3 55.Ra5 Kd2 56.Rc5 e4
57.Rc7 Rb1 58.Ba4 Rb4  0-1

[Event "59th ch-HUN"]
[Site "Szeged HUN"]
[Date "2009.08.17"]
[Round "9"]
[White "Erdos,V"]
[Black "Balogh,C"]
[Result "1/2-1/2"]
[WhiteElo "2565"]
[BlackElo "2595"]

1.d4 d5 2.c4 c6 3.Nc3 Nf6 4.e3 e6 5.Nf3 Nbd7 6.Qc2 Bd6 7.Bd3 O-O 8.O-O dxc4
9.Bxc4 a6 10.Rd1 b5 11.Be2 Qc7 12.Ne4 Nxe4 13.Qxe4 e5 14.Qd3 exd4 15.Qxd4 Be7
16.Qf4 Qxf4 17.exf4 Bf6 18.Nd4 c5 19.Bf3 Ra7 20.Nc6 Rc7 21.Bd2 b4 22.Rac1 Bb7
23.Nxb4 Bxb2 24.Rc2 Bxf3 25.gxf3 Bf6 26.Be3 Rfc8 27.Nxa6 Rc6 28.Rxd7 Rxa6
29.Rb7 h6 30.Rxc5 Rxc5 31.Bxc5 Rxa2 32.Kg2  1/2-1/2

[Event "16th Vienna Open"]
[Site "Vienna AUT"]
[Date "2009.08.17"]
[Round "3"]
[White "Renner,Christo"]
[Black "Wilke,W"]
[Result "1-0"]
[WhiteElo "2431"]
[BlackElo "2269"]

1.d4 d5 2.c4 c6 3.Nc3 Nf6 4.e3 e6 5.Nf3 Nbd7 6.Be2 dxc4 7.a4 Bd6 8.O-O O-O
9.Bxc4 e5 10.Ba2 h6 11.Qc2 Re8 12.Rd1 e4 13.Nd2 Nb6 14.Ndxe4 Nxe4 15.Nxe4 Bxh2+
16.Kxh2 Qh4+ 17.Kg1 Qxe4 18.Qxe4 Rxe4 19.a5 Nd5 20.Bd2 Re8 21.Rac1 Bd7 22.Rc2 a6
23.Rc5 Be6 24.Bb1 f5 25.f3 Rad8 26.Kf2 Kf7 27.Rh1 Ne7 28.Bc3 Rd5 29.Rh5 Red8
30.Ke2 Rxc5 31.dxc5 Rd5 32.Bd4 f4 33.Rh4 fxe3 34.Bxe3 Nf5 35.Rb4 Rd7 36.Bf2 g5
37.g4 Ne7 38.Bg3 Nd5 39.Ra4 Nf6 40.Bd6 Ne8 41.Be5 Re7 42.Kf2 Bd5 43.Bb8 Nc7
44.Bd3 Nb5 45.f4 Re8 46.Be5 Be6 47.Be2 Rd8 48.Ke3 Rd5 49.Rc4 Ke7 50.Rc1 gxf4+
51.Bxf4 Nd4 52.Bc4 Bxg4 53.Bxd5 Nf5+ 54.Kf2 cxd5 55.c6 bxc6 56.Rxc6 h5 57.Rxa6 Kd7
58.b4 Nd4 59.Rd6+ Ke8  1-0

[Event "Masters"]
[Site "Brasschaat BEL"]
[Date "2009.08.18"]
[Round "4"]
[White "Nijs,N"]
[Black "Leenaerts,R"]
[Result "1/2-1/2"]
[WhiteElo "2242"]
[BlackElo "2248"]

1.d4 Nf6 2.c4 e6 3.Nc3 d5 4.Nf3 c6 5.e3 Nbd7 6.Qc2 Be7 7.b3 a6 8.Bd3 b5 9.O-O Bb7
10.Bb2 O-O 11.c5 a5 12.a3 g6 13.Ne2 Qc7 14.Nf4 Rfe8 15.h4 Bf8 16.g3 Bg7 17.Kg2 Bc8
18.h5 Nf8 19.hxg6 hxg6 20.Ne5 Re7 21.Nh3 N6d7 22.f4 f5 23.g4 Bf6 24.Nxd7 Bxd7  1/2-1/2

[Event "24th ICT Acropolis"]
[Site "Chalkida GRE"]
[Date "2009.08.18"]
[Round "9"]
[White "Charkhalashvili,I"]
[Black "Skaperdas,K"]
[Result "1/2-1/2"]
[WhiteElo "2357"]
[BlackElo "2222"]

1.d4 e6 2.c4 Nf6 3.Nf3 d5 4.Nc3 c6 5.e3 Nbd7 6.Be2 dxc4 7.Bxc4 b5 8.Be2 Bb7
9.O-O a6 10.a3 c5 11.dxc5 Nxc5 12.b4 Rc8  1/2-1/2

[Event "5th FIDE GP"]
[Site "Jermuk ARM"]
[Date "2009.08.18"]
[Round "9"]
[White "Jakovenko,D"]
[Black "Akopian,Vl"]
[Result "1/2-1/2"]
[WhiteElo "2760"]
[BlackElo "2712"]

1.d4 d5 2.c4 c6 3.Nc3 Nf6 4.e3 e6 5.Nf3 Nbd7 6.Qc2 Bd6 7.g4 h6 8.h3 a6 9.Rg1 Qe7
10.Bd2 b5 11.c5 Bc7 12.O-O-O a5 13.g5 hxg5 14.Nxg5 e5 15.f3 Kf8 16.Kb1 Nb8
17.dxe5 Bxe5 18.f4 Bc7 19.Ne2 Na6 20.Nd4 Bd7 21.Rc1 Nb4 22.Bxb4 axb4 23.Rg3 Re8
24.Bd3 Ne4 25.Nxe4 dxe4 26.Be2 Qf6 27.Qd2 Rd8 28.Qxb4 g6 29.Qc3 Rxh3 30.Rxh3 Bxh3
31.Rh1 Bg2 32.Rh2 Bf3 33.Nxb5 Qxc3 34.Nxc3 g5 35.Rh8+ Kg7 36.Rxd8 Bxd8 37.fxg5 Bxg5
38.Kc2 Bxe3 39.b4 Bd4 40.Bxf3 exf3 41.Ne4 f2 42.Nd2 Kf8 43.Kd3 Bb2 44.a4 Bc1
45.Nf1 Ke7 46.b5 Kd7 47.Ke2 Ba3 48.bxc6+ Kxc6 49.Kxf2  1/2-1/2

[Event "Open A"]
[Site "Panevezys LTU"]
[Date "2009.08.18"]
[Round "2"]
[White "Rogulis,U"]
[Black "Beinoraite,V"]
[Result "0-1"]
[WhiteElo "1846"]
[BlackElo "2072"]

1.d4 d5 2.c4 c6 3.e3 Nf6 4.Nc3 e6 5.Nf3 Nbd7 6.c5 a5 7.Bd3 e5 8.dxe5 Ng4
9.Na4 Ngxe5 10.Nxe5 Nxe5 11.Qc2 Qh4 12.Be2 Bg4 13.b3 Be7 14.Bb2 Bf6 15.h3 Be6
16.g3 Qg5 17.h4 Qh6 18.Nb6 Rd8 19.Bd4 Ng4 20.Qc3 O-O 21.Na4 Rfe8 22.Nb2 Bf5
23.Nd1 Bxd4 24.Qxd4 Re4 25.Qb2 Re7 26.Qd4 Nf6 27.Nc3 Ne4 28.Rd1 Qg6 29.Nxe4 Rxe4
30.Qb2 d4 31.Rxd4 Rdxd4 32.exd4 Bg4 33.O-O Rxe2 34.Qc1 Qf5 35.Qf4 Qxf4 36.gxf4 Rxa2
37.Re1 Kf8 38.Re3 Rd2  0-1

[Event "Open A"]
[Site "Panevezys LTU"]
[Date "2009.08.18"]
[Round "3"]
[White "Bieliauskas,M"]
[Black "Rogulis,U"]
[Result "1-0"]
[WhiteElo "2144"]
[BlackElo "1846"]

1.d4 d5 2.c4 c6 3.Nc3 Nf6 4.Nf3 e6 5.e3 Bd6 6.Qc2 O-O 7.Be2 Re8 8.O-O Nbd7
9.a3 Nf8 10.e4 dxe4 11.Nxe4 Nxe4 12.Qxe4 Nd7 13.Bd3 g6 14.Bf4 Qc7 15.Bxd6 Qxd6
16.Rad1 Qc7 17.Rfe1 b6 18.Ne5 Bb7 19.Qf4 Nxe5 20.dxe5 c5 21.Bc2 Rad8 22.Rd6 Bc6
23.Red1 Rd7 24.Be4 Red8 25.Qd2 Kg7 26.h4 h5 27.b4 Ba4 28.Bc2 Rxd6 29.exd6 Qd7
30.b5 Bxc2 31.Qxc2 Qe8 32.Qe4 Rd7 33.g3 Qd8 34.a4 Kg8 35.Qc6 Kh7 36.a5 Kg7
37.Kh2 Kh7 38.axb6 axb6 39.Qf3 Kg7 40.Qe4 Kh7 41.Qe5 Kg8 42.Kh3 Kh7 43.f3 Qh8
44.Qf4 Qd8 45.g4 hxg4+ 46.fxg4 Qh8 47.h5 Qc3+ 48.Kg2 Qb2+ 49.Rd2 Qg7 50.Qe4 Qg8
51.g5 Qd8 52.hxg6+ fxg6 53.Qe5 Qe8 54.Re2 Qd8 55.Kg1 Kg8 56.Qxe6+ Kg7 57.Qe5+ Kg8
58.Rh2 Rh7 59.Rxh7  1-0

[Event "16th Vienna Open"]
[Site "Vienna AUT"]
[Date "2009.08.19"]
[Round "5"]
[White "Abel,D"]
[Black "Burg,T"]
[Result "1/2-1/2"]
[WhiteElo "2328"]
[BlackElo "2422"]

1.d4 d5 2.c4 c6 3.Nc3 Nf6 4.e3 e6 5.Nf3 Nbd7 6.Qc2 Bd6 7.e4 dxe4 8.Nxe4 Nxe4
9.Qxe4 c5 10.Bg5 Be7 11.Bxe7 Qa5+ 12.Ke2 Kxe7 13.g3 Qb4 14.b3 Qa3 15.Qc2 cxd4
16.Nxd4 Qc5 17.Qc3 Nf6 18.Bg2 Rd8 19.Nc2 e5 20.Rhe1 Bf5 21.Kf1 Bd3+ 22.Kg1 e4
23.Ne3 Kf8 24.Rac1 Rac8 25.b4 Qd4 26.Qa3 Bxc4 27.b5+ Kg8 28.Bh3 Be6 29.Bxe6 fxe6
30.Red1 Rxc1 31.Qxc1 Qb6 32.Rxd8+ Qxd8 33.Qa3 Qd7 34.Qc5 b6 35.Qe5 h6 36.Kg2 Kf7
37.h4 h5 38.a4 Qc8 39.Qd6 Kg6 40.Qe5 Qd7 41.Qg5+ Kh7 42.Qe5 Qe7 43.Qb8 e5
44.Qc8 Qd7 45.Qb8 Qe7 46.Qc8 g6 47.Qc6 Qf7 48.Qd6 Ng4  1/2-1/2

[Event "16th Vienna Open"]
[Site "Vienna AUT"]
[Date "2009.08.20"]
[Round "6"]
[White "Chabanon,JL"]
[Black "Abel,D"]
[Result "1/2-1/2"]
[WhiteElo "2439"]
[BlackElo "2328"]

1.d4 d5 2.c4 c6 3.Nf3 Nf6 4.Nc3 e6 5.e3 Nbd7 6.Qc2 Bd6 7.Bd3 O-O 8.O-O h6
9.Rd1 Qe7 10.b3 b6 11.Bb2 Bb7 12.Rac1 Rac8 13.Qe2 dxc4 14.Bxc4 c5 15.Ba6 Bxa6
16.Qxa6 Nb8 17.Qa4 a6 18.dxc5 Bxc5 19.Ne4 Nxe4 20.Qxe4 Ba3 21.Bxa3 Qxa3 22.Rxc8 Rxc8
23.Qb7 Qc1 24.Ne1 Qxd1 25.Qxc8+ Kh7 26.Kf1 Qd6 27.Ke2 a5 28.Nd3 Nc6 29.Qb7 Ne7
30.Qe4+ Kg8 31.Qa8+ Kh7 32.Qe4+ Kg8 33.Qa8+ Kh7 34.Qf8 Qc7 35.Qxf7 Qc2+ 36.Kf3 Qxd3
37.Qxe7 Qf5+ 38.Kg3 Qe5+ 39.Kh3 Qf5+ 40.Kg3 Qe5+ 41.Kh3 Qf5+ 42.Kg3  1/2-1/2

[Event "XI Sants Open"]
[Site "Barcelona ESP"]
[Date "2009.08.21"]
[Round "1"]
[White "Kunin,V"]
[Black "Alonso Castillo,S"]
[Result "1-0"]
[WhiteElo "2532"]
[BlackElo "2092"]

1.Nf3 Nf6 2.d4 d5 3.c4 c6 4.e3 e6 5.Nc3 Nbd7 6.Qc2 Bd6 7.b3 O-O 8.Be2 Re8
9.O-O a6 10.Bb2 b5 11.a3 Bb7 12.e4 dxe4 13.Nxe4 Nxe4 14.Qxe4 Nf6 15.Qh4 bxc4
16.bxc4 c5 17.dxc5 Bxc5 18.Rab1 Bc6 19.Ne5 Be4 20.Nxf7 Qb6 21.Nh6+ Kf8 22.Bxf6 Bxb1
23.Qf4 Bf5 24.Be5 Ra7 25.Bh5 Ree7 26.Nxf5 Rf7 27.Bxf7 Rxf7 28.Bd6+ Kg8 29.Nh6+ gxh6
30.Qg4+ Rg7 31.Qxe6+ Rf7 32.Qc8+  1-0

[Event "9th UIL&UL GM"]
[Site "Dahka BAN"]
[Date "2009.08.21"]
[Round "1"]
[White "Ahmed,J BAN"]
[Black "Barua,D"]
[Result "0-1"]
[WhiteElo "2138"]
[BlackElo "2473"]

1.d4 d5 2.c4 e6 3.Nc3 Nf6 4.Nf3 c6 5.e3 Nbd7 6.Qc2 Bd6 7.Be2 O-O 8.O-O dxc4
9.Bxc4 e5 10.Rd1 Qe7 11.h3 a5 12.a4 Nb6 13.Bd3 exd4 14.Nxd4 g6 15.e4 Nh5
16.Nce2 Nd7 17.f4 Nc5 18.e5 Bc7 19.Bc4 Ne6 20.Kh2 Nxd4 21.Nxd4 Rd8 22.Nf3 Rxd1
23.Qxd1 h6 24.Qc2 Be6 25.g4 Ng7 26.Bxe6 Qxe6 27.Kg2 Rd8 28.Be3 Qd5 29.Re1 Qd3
30.Qf2 Qb3 31.Re2 Rd3 32.Nd2 Qxa4 33.Qh4 Bd8 34.Qxh6 Qd1 35.Kf2 Rxe3 36.Rxe3 Ne6  0-1

[Event "5th FIDE GP"]
[Site "Jermuk ARM"]
[Date "2009.08.21"]
[Round "11"]
[White "Akopian,Vl"]
[Black "Aronian,L"]
[Result "1/2-1/2"]
[WhiteElo "2712"]
[BlackElo "2768"]

1.d4 Nf6 2.c4 e6 3.Nf3 d5 4.Nc3 c6 5.e3 Nbd7 6.Qc2 Bd6 7.Bd3 O-O 8.O-O dxc4
9.Bxc4 b5 10.Be2 Bb7 11.Rd1 Qc7 12.e4 e5 13.dxe5 Nxe5 14.Nd4 Ned7 15.g3 Rfe8
16.a3 a6 17.Nf5 Be5 18.Bf3 g6 19.Nh6+ Kg7 20.Bg5 c5 21.Ng4 Nxg4 22.Bxg4 f5
23.exf5 Bd4 24.f6+ Kh8 25.Rxd4 cxd4 26.f7 Qc6 27.fxe8=Q+ Rxe8 28.f3 h5 29.Qf2 hxg4
30.Qxd4+ Kg8 31.Ne4 gxf3 32.Nf2 Nc5 33.Bh6 Re7 34.Rf1 Ne4 35.Nxe4 Qxe4 36.Qxe4 Bxe4
37.Re1 Kf7 38.Bg5 Re6 39.Kf2 Ba8 40.Rxe6 Kxe6  1/2-1/2

[Event "16th Vienna Open"]
[Site "Vienna AUT"]
[Date "2009.08.21"]
[Round "7"]
[White "Vyskocil,N"]
[Black "Thompson,I"]
[Result "0-1"]
[WhiteElo "2347"]
[BlackElo "2242"]

1.d4 e6 2.c4 d5 3.Nc3 Nf6 4.Nf3 c6 5.e3 Nbd7 6.Bd3 dxc4 7.Bxc4 b5 8.Bd3 Bd6
9.O-O O-O 10.a4 b4 11.Ne4 Nxe4 12.Bxe4 Bb7 13.Qe2 a5 14.Rd1 Qe7 15.Bc2 Ba6
16.Bd3 Bxd3 17.Qxd3 c5 18.e4 Bc7 19.Bg5 Qe8 20.Rac1 Bb6 21.dxc5 Nxc5 22.Qd6 Nxa4
23.b3 Nc3 24.Qxb6 h6 25.Be3 Ne2+ 26.Kf1 Nxc1 27.Bxc1 Qc8 28.Bb2 Qc2 29.Qd4 f6
30.Rc1 Qxb3 31.Nd2 Qa4 32.Qd6 Rfe8 33.g3 Rad8 34.Qf4 Qb5+ 35.Kg2 e5 36.Qg4 Rxd2  0-1

[Event "3rd NH Chess Tournament"]
[Site "Amsterdam NED"]
[Date "2009.08.22"]
[Round "3"]
[White "Svidler,P"]
[Black "Smeets,J"]
[Result "1/2-1/2"]
[WhiteElo "2739"]
[BlackElo "2632"]

1.c4 c6 2.Nf3 d5 3.e3 Nf6 4.Nc3 e6 5.d4 Nbd7 6.Qc2 Bd6 7.g4 Bb4 8.Bd2 b6
9.cxd5 cxd5 10.Nb5 Bxd2+ 11.Nxd2 O-O 12.g5 Ne8 13.f4 Ba6 14.Nf3 Rc8 15.Qa4 Bxb5
16.Bxb5 Rc7 17.Kd2 Nd6 18.Rac1 Nb8 19.Rxc7 Qxc7 20.Rc1 Ne4+ 21.Kd1 Nf2+ 22.Kd2 Ne4+  1/2-1/2

[Event "XI Sants Open"]
[Site "Barcelona ESP"]
[Date "2009.08.22"]
[Round "2"]
[White "Fier,A"]
[Black "Moreno Martin,D"]
[Result "1-0"]
[WhiteElo "2604"]
[BlackElo "2231"]

1.d4 d5 2.c4 c6 3.Nf3 Nf6 4.Nc3 e6 5.e3 Nbd7 6.Bd3 dxc4 7.Bxc4 b5 8.Bd3 b4
9.Ne4 Nxe4 10.Bxe4 Bb7 11.O-O Bd6 12.a3 bxa3 13.b3 Nf6 14.Nd2 O-O 15.Bf3 Qc7
16.Bxa3 Bxa3 17.Rxa3 c5 18.Bxb7 Qxb7 19.dxc5 Qb4 20.Qc1 Rfc8 21.c6 Qb6 22.Nc4 Qxc6
23.Qa1 a6 24.Rd1 Nd5 25.h3 h6 26.Rd4 Rd8 27.Rg4 g6 28.e4 Ne7 29.Rf4 Qc7 30.g3 Nc6
31.e5 Qd7 32.Ne3 Qd3 33.b4 Qe2 34.Kg2 Rd2 35.Qc3 Rc8 36.Qc4 Qxc4 37.Nxc4 Rc2
38.Nd6 Rc7 39.Rxa6 Nxe5 40.Ra8+ Kh7 41.Ne8 Rc8 42.Rxc8 Rxc8 43.Nd6 Rc7 44.b5 Rd7
45.Rd4 Kg8 46.Rd2 f5 47.b6 Nc6 48.b7 Nb8 49.Rc2 Na6 50.Rc6  1-0

[Event "XI Sants Open"]
[Site "Barcelona ESP"]
[Date "2009.08.22"]
[Round "2"]
[White "Lauber,A"]
[Black "Del Valle Cirera,A"]
[Result "1-0"]
[WhiteElo "2517"]
[BlackElo "2200"]

1.d4 d5 2.c4 e6 3.Nc3 c6 4.e3 Nf6 5.Nf3 Nbd7 6.Bd3 dxc4 7.Bxc4 b5 8.Bd3 Bb7
9.a3 a5 10.O-O b4 11.Ne4 c5 12.Nxf6+ Qxf6 13.e4 cxd4 14.Bg5 Qg6 15.Bb5 Qxe4
16.Qa4 Qd5 17.Rac1 Be7 18.Rc7 Rd8 19.Bxe7 Kxe7 20.Bc4  1-0